| 000 | 00412cam a22001217a 4500 | ||
|---|---|---|---|
| 008 | 180718b xxu||||| |||| 00| 0 eng d | ||
| 082 | _aA99 T737 | ||
| 100 | _aTripathi, P.K. | ||
| 245 |
_aReminiscences of a public servant _cby P.K. Tripathi |
||
| 260 |
_aOrissa _bCentral Divison _c |
||
| 300 | _a147p | ||
| 650 | _aHuque, K. A. (Kazi Anwarul)Cabinet officers -Bangladesh -Biography.Bangladesh -Politics and government. | ||
| 999 |
_c494734 _d494734 |
||